000 00370 a2200109 4500
001 ART_40894
005 20260410161842.0
008 260409a
245 1 0 _aPrincipios de la asistencia a la parte no instruida y de interpretación favorable en caso de duda
100 1 _aThomas, Gustavo J.
773 0 _tRAP
_g- Año 39, Nº 458 (nov. 2016)
_wREV5941
999 _c24196
_d24196